[Event "2008 Standard Chess Dropout Tournament, Round 2"]
[Site "SchemingMind.com"]
[Date "2008.03.18"]
[Round "2"]
[White "KaliYuga"]
[Black "montinskij"]
[Result "0-1"]
[WhiteCountry "IRL"]
[BlackCountry "USA"]
[WhiteElo "1768"]
[WhiteRD "95"]
[BlackElo "1959"]
[BlackRD "116"]
[GameID "146396"]

1. d4 Nf6 2. c4 g6 3. Nc3 Bg7 4. e4 d6 5. Nf3 O-O 6. Be2 e5 7. d5 Nbd7 8. O-O Nc5 9. Qc2 a5 10. a4 Nh5
11. Bg5 Qd7 12. Nd2 Nf4 13. Bd1 h6 14. Bh4 Nxg2 15. Bg3 Nf4 16. Kh1 Qe7 17. Bf3 Nfd3 18. Rg1 h5 19. h4 Bf6 20. Be2 Nf4
21. Nf3 Bg4 22. Bxf4 exf4 23. Ng5 Bxg5 24. Bxg4 hxg4 25. hxg5 Qxg5 26. Rg2 Kg7 27. Kg1 Rh8 28. Qd1 Qh4 29. Kf1 f3 30. Rg1 Rae8
31. Qd4+ Re5 32. Ra3 g3 33. fxg3 Qg4 34. Ke1 Rh2
0-1

[Event "2008 Standard Chess Dropout Tournament, Round 2"]
[Site "SchemingMind.com"]
[Date "2008.03.19"]
[Round "2"]
[White "keen"]
[Black "Alessandro Dotti Contra"]
[Result "1-0"]
[WhiteCountry "SCO"]
[BlackCountry "ITA"]
[WhiteElo "1796"]
[WhiteRD "57"]
[BlackElo "1350"]
[BlackRD "84"]
[GameID "146397"]

1. d4 d5 2. e3 Nf6 3. Bd3 Nc6 4. Nd2 e5 5. dxe5 Nxe5 6. Be2 Bb4 7. c3 Bc5 8. Ngf3 Qe7 9. O-O O-O 10. Nd4 Bxd4
11. exd4 Bg4 12. dxe5 Qxe5 13. Bxg4 Nxg4 14. Nf3 Qh5 15. h3 Nf6 16. Bf4 c6 17. Nd2 Qg6 18. Be5 Ne4 19. Nxe4 Qxe4 20. Re1 Qh4
21. Re3 Rad8 22. Rg3 g6 23. Qf3 f6 24. Rg4 Qh5 25. Bd4 f5 26. Rg3 Qxf3 27. Rxf3 a6 28. Re1 Rfe8 29. Rfe3 Kf7 30. Kf1 b5
31. Rxe8 Rxe8 32. Rxe8 Kxe8 33. Ke2 Ke7 34. Ke3 Kd6 35. Kf4 c5 36. Be5+ Kc6 37. Kg5 c4 38. Kh6 b4 39. Kxh7 a5 40. Kxg6 f4
41. h4 Kb5 42. h5 a4 43. h6 a3 44. cxb4 axb2 45. Bxb2 Kxb4 46. h7 c3 47. Bc1 c2 48. h8=Q Kc4 49. Qb2 d4 50. Qxc2+ Kd5
51. Bxf4
1-0

[Event "2008 Standard Chess Dropout Tournament, Round 2"]
[Site "SchemingMind.com"]
[Date "2008.03.20"]
[Round "2"]
[White "king3012"]
[Black "CuriousShadow"]
[Result "1-0"]
[WhiteCountry "AUT"]
[BlackCountry "USA"]
[WhiteElo "2463"]
[WhiteRD "104"]
[BlackElo "2057"]
[BlackRD "133"]
[GameID "146398"]

1. e4 c5 2. Nf3 Nc6 3. Nc3 e5 4. Bc4 d6 5. h3 Be7 6. d3 Nf6 7. O-O O-O 8. Bg5 Be6 9. Bxf6 Bxf6 10. Re1 g6
11. Nd5 Bg7 12. Qd2 h6 13. a4 Kh7 14. c3 f5 15. exf5 Bxf5 16. Qe2 Qd7 17. Nh4 Rae8 18. Qc2 Bf6 19. Nxf5 Qxf5 20. Nc7 Re7
21. Ne6 Qxe6 22. Bxe6 Rxe6 23. Qb3 Re7 24. a5 Bh4 25. g3 Bf6 26. Qd5 Rd8 27. a6
1-0

[Event "2008 Standard Chess Dropout Tournament, Round 2"]
[Site "SchemingMind.com"]
[Date "2008.03.21"]
[Round "2"]
[White "krueger"]
[Black "swayne"]
[Result "1-0"]
[WhiteCountry "USA"]
[BlackCountry "ENG"]
[WhiteElo "2139"]
[WhiteRD "87"]
[BlackElo "1544"]
[BlackRD "96"]
[GameID "146400"]

1. e4 e5 2. Nf3 Nc6 3. Bb5 d6 4. d4 Bd7 5. O-O h6 6. Nc3 exd4 7. Nxd4 Ne5 8. Be2 Nf6 9. f4 Nc6 10. Be3 Be7
11. Bf3 O-O 12. Kh1 a6 13. g4 Nxd4 14. Bxd4 Nh7 15. Nd5 c6 16. Bb6 Qb8 17. Nxe7+ Kh8 18. Nf5
1-0

[Event "2008 Standard Chess Dropout Tournament, Round 2"]
[Site "SchemingMind.com"]
[Date "2008.03.17"]
[Round "2"]
[White "Lanaroon"]
[Black "Adunatos"]
[Result "0-1"]
[WhiteCountry "ENG"]
[BlackCountry "NED"]
[WhiteElo "1508"]
[WhiteRD "96"]
[BlackElo "2296"]
[BlackRD "70"]
[GameID "146401"]

1. e4 c5 2. Bc4 a6 3. Qf3 e6 4. d3 Nc6 5. Ne2 Nf6 6. Qg3 d5 7. exd5 exd5 8. Bb3 Be7 9. Bf4 O-O 10. Nd2 Nh5
11. Qf3 Nxf4 12. Nxf4 Bg5 13. O-O-O Nd4 14. Qxd5 Bxf4 15. Qxd8 Rxd8 16. h3 b5 17. Rde1 c4 18. Re4 cxb3 19. axb3 Bb7 20. Re7 Rac8
21. Rxb7 Rxc2+ 22. Kb1 Rxd2 23. Re1 g6 24. Ree7 Rd1+ 25. Ka2 Nc2 26. b4 Ra1+ 27. Kb3 Nd4+ 28. Kc3 Rc1#
0-1

[Event "2008 Standard Chess Dropout Tournament, Round 2"]
[Site "SchemingMind.com"]
[Date "2008.03.18"]
[Round "2"]
[White "John Elburg"]
[Black "mmccaffe"]
[Result "1-0"]
[WhiteCountry "NED"]
[BlackCountry "USA"]
[WhiteElo "2272"]
[WhiteRD "106"]
[BlackElo "1661"]
[BlackRD "51"]
[GameID "146402"]

1. e4 c5 2. Nf3 d6 3. d4 cxd4 4. Nxd4 Nf6 5. Nc3 a6 6. Bg5 e6 7. f4 Qb6 8. Qd2 Qxb2 9. Rb1 Qa3 10. e5 h6
11. Bh4 dxe5 12. fxe5 Bb4 13. Rxb4 Qxb4 14. exf6 g5 15. Bg3 O-O 16. Nf3 Nc6 17. Bd6 Rd8 18. Bxb4 Rxd2 19. Kxd2 b5 20. Bd6 Bb7
21. Ke3 Rd8 22. Ne4 Na5 23. Bc7 Nc4+ 24. Bxc4
1-0

[Event "2008 Standard Chess Dropout Tournament, Round 2"]
[Site "SchemingMind.com"]
[Date "2008.03.18"]
[Round "2"]
[White "leroipere"]
[Black "keen"]
[Result "1/2-1/2"]
[WhiteCountry "FRA"]
[BlackCountry "SCO"]
[WhiteElo "1742"]
[WhiteRD "124"]
[BlackElo "1755"]
[BlackRD "60"]
[GameID "146404"]

1. d4 d5 2. c4 e6 3. Nc3 Nf6 4. Bg5 Be7 5. e3 h6 6. Bh4 Ne4 7. Bxe7 Nxc3 8. Bxd8 Nxd1 9. Rxd1 Kxd8 10. Nf3 c6
11. Ne5 Ke7 12. Be2 Nd7 13. Nxd7 Bxd7 14. O-O Rac8 15. c5 f6 16. Bh5 Be8 17. Bf3 Bf7 18. a3 e5 19. Rfe1 Rhe8 20. b4 Kf8
21. h3 e4 22. Bg4 Be6 23. Bxe6 Rxe6 24. f4 f5 25. a4 Rc7=
1/2-1/2

[Event "2008 Standard Chess Dropout Tournament, Round 2"]
[Site "SchemingMind.com"]
[Date "2008.03.22"]
[Round "2"]
[White "loco61"]
[Black "Lee Shuck"]
[Result "1-0"]
[WhiteCountry "ENG"]
[BlackCountry "ENG"]
[WhiteElo "1604"]
[WhiteRD "65"]
[BlackElo "1446"]
[BlackRD "75"]
[GameID "146405"]

1. e4 e5 2. d4 exd4 3. Qxd4 Nc6 4. Qd1 Ne5 5. Bf4 Bd6 6. Nf3 Nxf3+ 7. Qxf3 Bxf4 8. Qxf4 g5 9. Qe3 Qe7 10. Nc3 Nf6
11. Bd3 d5 12. Nxd5 Nxd5 13. exd5
1-0

[Event "2008 Standard Chess Dropout Tournament, Round 2"]
[Site "SchemingMind.com"]
[Date "2008.03.19"]
[Round "2"]
[White "marble"]
[Black "Bacon"]
[Result "1-0"]
[WhiteCountry "ENG"]
[BlackCountry "BER"]
[WhiteElo "1629"]
[WhiteRD "55"]
[BlackElo "1284"]
[BlackRD "76"]
[GameID "146406"]

1. e4 e5 2. Nf3 Nc6 3. Bb5 a6 4. Ba4 b5 5. Bb3 Bc5 6. c3 Nf6 7. d3 Ng4 8. d4 exd4 9. cxd4 Bb4+ 10. Nc3 O-O
11. O-O h6 12. d5 Bxc3 13. bxc3 Ne7 14. Nd4 d6 15. h3 Ne5 16. Bf4 N7g6 17. Bxe5 Nxe5 18. f4 Nc4 19. Qe2 a5 20. Nxb5 Nb6
21. Qd3 a4 22. Bc2 Bd7 23. e5 dxe5 24. Qh7#
1-0

[Event "2008 Standard Chess Dropout Tournament, Round 2"]
[Site "SchemingMind.com"]
[Date "2008.03.22"]
[Round "2"]
[White "Mariazb"]
[Black "dmichael"]
[Result "1/2-1/2"]
[WhiteCountry "ARG"]
[BlackCountry "USA"]
[WhiteElo "2380"]
[WhiteRD "79"]
[BlackElo "2440"]
[BlackRD "90"]
[GameID "146407"]

1. c4 e6 2. g3 d5 3. Bg2 Nf6 4. Nf3 Be7 5. d4 O-O 6. O-O dxc4 7. Qc2 a6 8. a4 Bd7 9. Qxc4 Bc6 10. Bg5 Bd5
11. Qd3 c5 12. dxc5 Nbd7 13. Nc3 Nxc5 14. Qe3 Qa5 15. Nxd5 Nxd5 16. Qa3 Bxg5 17. Nxg5 h6 18. Rfc1 Nd7 19. Bxd5 Qxd5 20. Rd1 Qxg5
21. Rxd7 Rab8 22. Rad1 b5 23. axb5 Qxb5 24. R1d2 a5 25. Rc7 Qb4 26. Qd3 Rfc8 27. Rd7 Rb7 28. Rd4 Qc5 29. Kg2 Rb4 30. Rxb4 Qxb4
31. Qe3 Qb7+=
1/2-1/2

[Event "2008 Standard Chess Dropout Tournament, Round 2"]
[Site "SchemingMind.com"]
[Date "2008.03.22"]
[Round "2"]
[White "markakeen"]
[Black "Mel"]
[Result "1-0"]
[WhiteCountry "GBR"]
[BlackCountry "USA"]
[WhiteElo "2037"]
[WhiteRD "93"]
[BlackElo "1589"]
[BlackRD "106"]
[GameID "146408"]

1. d4 d5 2. c4 e6 3. Nf3 c6 4. Nc3 Nf6 5. Bg5 Nbd7 6. e3 Be7 7. Qc2 Qc7 8. O-O-O e5 9. cxd5 cxd5 10. dxe5 Nxe5
11. Bxf6 Bxf6 12. Nxe5 Bxe5 13. Bb5+ Bd7 14. Bxd7+ Qxd7 15. Rxd5 Qc7 16. Qe4 f6 17. f4 Kf7 18. fxe5 Rhe8 19. Qxh7 a5 20. exf6 Rg8
21. fxg7 Rxg7 22. Rf1+ Ke6 23. Qe4+
1-0

[Event "2008 Standard Chess Dropout Tournament, Round 2"]
[Site "SchemingMind.com"]
[Date "2008.03.19"]
[Round "2"]
[White "marks"]
[Black "Space"]
[Result "0-1"]
[WhiteCountry "PHI"]
[BlackCountry "SWE"]
[WhiteElo "1738"]
[WhiteRD "69"]
[BlackElo "2246"]
[BlackRD "81"]
[GameID "146409"]

1. Nf3 Nf6 2. b3 g6 3. Bb2 Bg7 4. e3 O-O 5. Bd3 d6 6. h3 e5 7. Nh2 Nbd7 8. c4 Ne8 9. g4 f5 10. Nc3 e4
11. Be2 fxg4 12. Bxg4 Ne5 13. Be2 Qh4
0-1

[Event "2008 Standard Chess Dropout Tournament, Round 2"]
[Site "SchemingMind.com"]
[Date "2008.03.22"]
[Round "2"]
[White "Mekk"]
[Black "fjpv"]
[Result "1/2-1/2"]
[WhiteCountry "POL"]
[BlackCountry "POR"]
[WhiteElo "1955"]
[WhiteRD "67"]
[BlackElo "2349"]
[BlackRD "87"]
[GameID "146410"]

1. e4 e5 2. Nf3 d6 3. d4 exd4 4. Nxd4 Nf6 5. Nc3 g6 6. Bg5 Bg7 7. Nd5 c6 8. Nxf6+ Bxf6 9. Bxf6 Qxf6 10. Qd2 O-O
11. O-O-O Nd7 12. h4 Nc5 13. f3 h5 14. Qh6 Bd7 15. Nf5 Bxf5 16. exf5 Qxf5 17. g4 hxg4 18. fxg4 Qf3 19. Bc4 d5 20. h5 Rae8
21. g5 Qf4+ 22. Kb1 Qe5 23. hxg6 Qg7 24. gxf7+ Rxf7 25. Bd3 Nxd3 26. Rxd3 Qxh6 27. gxh6 Re4 28. b3 Kh7 29. Rg3 Re6 30. a4 Rxh6
31. Rhg1 Rh4 32. Kb2 Re7 33. R1g2 Rh5 34. Rg4 Rh6 35. Rg5 Rh3 36. R5g4 Rd7 37. Kc1 Rf7 38. Kb2 Re7 39. Kc1 Rd7 40. Kb2 Rh5
41. Kc1 Rf7 42. Kb2 Rh6 43. Kc1 Rh1+ 44. Kb2 Rd7 45. Kc3 b6 46. Kb2 d4 47. Ka2 c5 48. R4g3 Rh4 49. Kb2 Rf7 50. Ka2 Rc7
51. Kb2 Rd7=
1/2-1/2

[Event "2008 Standard Chess Dropout Tournament, Round 2"]
[Site "SchemingMind.com"]
[Date "2008.03.21"]
[Round "2"]
[White "Mel"]
[Black "saxon"]
[Result "0-1"]
[WhiteCountry "USA"]
[BlackCountry "GER"]
[WhiteElo "1594"]
[WhiteRD "111"]
[BlackElo "2388"]
[BlackRD "107"]
[GameID "146411"]

1. e4 c5 2. c3 d5 3. Qa4+ Bd7 4. Bb5 dxe4 5. Bxd7+ Qxd7 6. Qxe4 Nf6 7. Qc4 Nc6 8. Nf3 e5 9. d3 O-O-O 10. Ng5 h6
11. Nxf7 Na5 12. Nxe5 Re8 13. Be3 Rxe5 14. O-O Nxc4
0-1

[Event "2008 Standard Chess Dropout Tournament, Round 2"]
[Site "SchemingMind.com"]
[Date "2008.03.19"]
[Round "2"]
[White "Mel-o-rama"]
[Black "boojiboy"]
[Result "0-1"]
[WhiteCountry "USA"]
[BlackCountry "USA"]
[WhiteElo "1765"]
[WhiteRD "123"]
[BlackElo "1789"]
[BlackRD "95"]
[GameID "146412"]

1. e4 e6 2. Qe2 c5 3. f4 Nc6 4. Nf3 g6 5. c3 Bg7 6. g3 Nge7 7. Bg2 O-O 8. O-O a6 9. a4 b6 10. d3 Bb7
11. Na3 b5 12. Nc2 Qc7 13. Be3 d6 14. b4 Bxc3
0-1

[Event "2008 Standard Chess Dropout Tournament, Round 2"]
[Site "SchemingMind.com"]
[Date "2008.03.17"]
[Round "2"]
[White "Mijical"]
[Black "time_pressure"]
[Result "0-1"]
[WhiteCountry "CAN"]
[BlackCountry "USA"]
[WhiteElo "1610"]
[WhiteRD "93"]
[BlackElo "2281"]
[BlackRD "75"]
[GameID "146414"]

1. Nf3 d5 2. b4 Nf6 3. Bb2 e6 4. a3 Nbd7 5. e3 Bd6 6. c4 dxc4 7. Bxc4 O-O 8. O-O Nb6 9. Bd3 Bxh2+ 10. Nxh2 Qxd3
11. Bxf6 gxf6 12. f4 Kh8 13. g4 a5 14. Nc3 axb4 15. axb4 Rxa1 16. Qxa1 Qxd2 17. Re1 e5 18. Re2 Qd6 19. f5 Qxb4 20. Nf3 Qxg4+
21. Kf2 Bxf5 22. e4 Rg8 23. exf5 Qg2+ 24. Ke3 Nc4+ 25. Kd3 Qxf3+ 26. Kxc4 b5+ 27. Kxb5 Qd3+ 28. Kb4 Rb8+
0-1

[Event "2008 Standard Chess Dropout Tournament, Round 2"]
[Site "SchemingMind.com"]
[Date "2008.03.22"]
[Round "2"]
[White "mikewharvey"]
[Black "NimbleKnight"]
[Result "0-1"]
[WhiteCountry "GBR"]
[BlackCountry "USA"]
[WhiteElo "1609"]
[WhiteRD "91"]
[BlackElo "1879"]
[BlackRD "108"]
[GameID "146415"]

1. c4 e5 2. Nc3 Nc6 3. g3 g6 4. Bg2 Bg7 5. e4 Nge7 6. Nf3 d6 7. Qb3 O-O 8. O-O b6 9. d3 Be6 10. Bg5 Qd7
11. Nd5 h6 12. Be3 f5 13. Nh4 g5 14. exf5 Nxf5 15. Nxf5 Bxf5 16. Nb4 Na5 17. Qd1 Rad8 18. Rc1 Bh3 19. Nd5 Bxg2 20. Kxg2 Nc6
0-1

[Event "2008 Standard Chess Dropout Tournament, Round 2"]
[Site "SchemingMind.com"]
[Date "2008.03.19"]
[Round "2"]
[White "Robert Pallett"]
[Black "HanadaNo3"]
[Result "1-0"]
[WhiteCountry "ENG"]
[BlackCountry "USA"]
[WhiteElo "2395"]
[WhiteRD "79"]
[BlackElo "2387"]
[BlackRD "75"]
[GameID "146416"]

1. e4 c6 2. d4 d5 3. Nc3 dxe4 4. Nxe4 Nf6 5. Nxf6+ gxf6 6. c3 Nd7 7. g3 Qa5 8. a4 Nb6 9. Bg2 h5 10. Nf3 Bg4
11. O-O O-O-O 12. h3 Be6 13. Re1 Nc4 14. b3 Ne5 15. Nxe5 fxe5 16. b4 Qc7 17. b5 h4 18. g4 c5 19. a5 Rd6 20. Rxe5 Bg7
21. Bf4 Bxe5 22. Bxe5
1-0

[Event "2008 Standard Chess Dropout Tournament, Round 2"]
[Site "SchemingMind.com"]
[Date "2008.03.22"]
[Round "2"]
[White "Mitchell-in"]
[Black "PankracyRozumek"]
[Result "0-1"]
[WhiteCountry "ENG"]
[BlackCountry "POL"]
[WhiteElo "1666"]
[WhiteRD "64"]
[BlackElo "1865"]
[BlackRD "86"]
[GameID "146417"]

1. e4 Nf6 2. e5 Nd5 3. d4 d6 4. c4 Nb6 5. exd6 cxd6 6. Nf3 g6 7. Nc3 Bg7 8. Be3 O-O 9. Rc1 Bg4 10. b3 d5
11. c5 N6d7 12. Be2 b6 13. b4 e5 14. dxe5 Nxe5 15. Nxe5 Bxe2 16. Qxe2 Bxe5 17. Bh6 Re8
0-1

[Event "2008 Standard Chess Dropout Tournament, Round 2"]
[Site "SchemingMind.com"]
[Date "2008.03.19"]
[Round "2"]
[White "montinskij"]
[Black "marks"]
[Result "1-0"]
[WhiteCountry "USA"]
[BlackCountry "PHI"]
[WhiteElo "1914"]
[WhiteRD "116"]
[BlackElo "1738"]
[BlackRD "69"]
[GameID "146418"]

1. e4 c6 2. d4 d5 3. Nc3 dxe4 4. Nxe4 Bf5 5. Ng3 Bg6 6. Nf3 e6 7. Bc4 Nf6 8. O-O Bd6 9. Bg5 Nbd7 10. Nh4 Qc7
11. f4 h6 12. Nxg6 hxg5 13. Nxh8 Bxf4 14. Qe1 Ke7 15. Nxf7 Kxf7 16. Qxe6+ Kg6 17. Bd3+ Kh6 18. Qh3+
1-0

[Event "2008 Standard Chess Dropout Tournament, Round 2"]
[Site "SchemingMind.com"]
[Date "2008.03.19"]
[Round "2"]
[White "NebAnphu"]
[Black "palaciorep"]
[Result "1-0"]
[WhiteCountry "POL"]
[BlackCountry "ARG"]
[WhiteElo "2203"]
[WhiteRD "92"]
[BlackElo "1632"]
[BlackRD "80"]
[GameID "146419"]

1. d4 d5 2. Nf3 h6 3. Bf4 Nf6 4. e3 a6 5. c4 e6 6. Nbd2 Bb4 7. a3 Bxd2+ 8. Qxd2 Ne4 9. Qc2 c6 10. Bd3 f5
11. O-O Nd7 12. Be5 Nxe5 13. Nxe5 Qf6 14. b4 O-O 15. a4 h5 16. c5 h4 17. b5 h3 18. g3 Ng5 19. bxc6 bxc6 20. f4 Ne4
21. Nxc6 g5 22. Ne5 gxf4 23. Bxe4 dxe4 24. gxf4 Ra7 25. Kh1 Rg7 26. Rg1 Rxg1+ 27. Rxg1+ Kh7 28. Qe2 Rg8 29. Qh5+
1-0

[Event "2008 Standard Chess Dropout Tournament, Round 2"]
[Site "SchemingMind.com"]
[Date "2008.03.22"]
[Round "2"]
[White "NimbleKnight"]
[Black "traxla"]
[Result "1/2-1/2"]
[WhiteCountry "USA"]
[BlackCountry "USA"]
[WhiteElo "1887"]
[WhiteRD "110"]
[BlackElo "2106"]
[BlackRD "90"]
[GameID "146420"]

1. e4 c5 2. Nf3 Nc6 3. d4 cxd4 4. Nxd4 Nf6 5. Nc3 d6 6. Bc4 e6 7. O-O Be7 8. Bb3 O-O 9. Be3 Bd7 10. f4 Nxd4
11. Bxd4 Bc6 12. Qd3 Qa5 13. Rad1 h5 14. a3 Rac8 15. f5 e5 16. Bf2 Ng4 17. Nd5 Bxd5 18. Qxd5 Qxd5 19. Rxd5 Nxf2 20. Rxf2 Rc5
21. Rfd2 Rxd5 22. Bxd5 Rc8 23. c3 Bg5 24. Rd1 b6 25. Kf2 Kf8 26. Kf3=
1/2-1/2

[Event "2008 Standard Chess Dropout Tournament, Round 2"]
[Site "SchemingMind.com"]
[Date "2008.03.22"]
[Round "2"]
[White "nimzoking"]
[Black "pjl1015"]
[Result "1/2-1/2"]
[WhiteCountry "ENG"]
[BlackCountry "USA"]
[WhiteElo "2176"]
[WhiteRD "81"]
[BlackElo "2405"]
[BlackRD "109"]
[GameID "146421"]

1. c4 e5 2. Nc3 Nf6 3. g3 d5 4. cxd5 Nxd5 5. Bg2 Nb6 6. d3 Be7 7. Be3 O-O 8. Rc1 f5 9. Qb3+ Kh8 10. Nf3 Nc6
11. O-O f4 12. Bd2 Bg4 13. Qd1 Qd7 14. Ne4 Rad8 15. Rxc6 Bxf3 16. Rxc7 Qxc7 17. Bxf3 Nd5 18. Qb3 Qd7 19. Rc1 b6 20. a3 a5
21. Nc3 Nxc3 22. Bxc3 Qd6 23. Kg2 Rc8 24. Qd5 Qxd5 25. Bxd5 b5 26. Be6 Rc5 27. Rb1 a4 28. Bd7 Rd8 29. Bg4 Bf6 30. Ba5 Ra8
31. Bc3 Rc7 32. Bf5 Re8 33. Be4 fxg3 34. hxg3 g6 35. Kf3= Kg7 36. Ke3 h5 37. Kd2 Kh6 38. f4 Re6 39. f5 gxf5 40. Bxf5 Re8
41. Rh1 Rg8 42. g4 h4 43. Ke3 Rc5=
1/2-1/2

[Event "2008 Standard Chess Dropout Tournament, Round 2"]
[Site "SchemingMind.com"]
[Date "2008.03.22"]
[Round "2"]
[White "palaciorep"]
[Black "markakeen"]
[Result "0-1"]
[WhiteCountry "ARG"]
[BlackCountry "GBR"]
[WhiteElo "1632"]
[WhiteRD "80"]
[BlackElo "2034"]
[BlackRD "88"]
[GameID "146423"]

1. e4 e6 2. Nf3 d5 3. e5 c5 4. Bb5+ Bd7 5. Bxd7+ Nxd7 6. b3 Ne7 7. O-O Nc6 8. Bb2 d4 9. Re1 g6 10. c3 Bg7
11. cxd4 cxd4 12. Na3 Ndxe5 13. Nxe5 Nxe5 14. Nc4 Nd3 15. Re2 b5 16. Re4 bxc4 17. bxc4 Nxb2 18. Qb3 Rb8 19. Qc2 d3 20. Qc1 Qa5
21. Rb1 O-O 22. g3 Qa4 23. f3 Rfc8 24. c5 Qc2 25. Qe1 Qxc5+ 26. Kg2 Rb4 27. Rxb4 Qxb4 28. Rc1 Rc2 29. Rxc2 dxc2 30. Qc1 Qc4
31. a3 Qe2+ 32. Kh3 Qd1 33. Qxb2 Bxb2
0-1

[Event "2008 Standard Chess Dropout Tournament, Round 2"]
[Site "SchemingMind.com"]
[Date "2008.03.22"]
[Round "2"]
[White "PankracyRozumek"]
[Black "BlueMooner"]
[Result "0-1"]
[WhiteCountry "POL"]
[BlackCountry "ENG"]
[WhiteElo "1892"]
[WhiteRD "73"]
[BlackElo "1856"]
[BlackRD "77"]
[GameID "146424"]

1. e4 c5 2. Ne2 Nc6 3. Nbc3 g6 4. d4 cxd4 5. Nxd4 Bg7 6. Be3 Nf6 7. Bc4 Qa5 8. O-O O-O 9. Nb3 Qc7 10. Bg5 a6
11. Be2 d6 12. Qd2 b5 13. Rab1 e6 14. Bh6 Bb7 15. Bf3 Ne5 16. Nd4 Bxh6 17. Qxh6 Neg4 18. Bxg4 Nxg4 19. Qf4 Ne5 20. Nd1 Nc4
21. b3 e5 22. Qh6 exd4 23. bxc4 Qxc4 24. Nb2 Qxc2 25. Rfd1 Qxe4 26. f3 Qe3+ 27. Qxe3 dxe3 28. Rxd6 Rad8 29. Rb6 Bc8 30. Re1 Rfe8
31. Nd1 e2 32. Nc3 Rd2 33. Kf2 Rc2 34. Rc6 Bf5 35. Rc5 b4 36. Na4 Rxa2 37. Nb6 b3 38. Nd5 Rb8 39. Rxe2 Rxe2+ 40. Kxe2 b2
0-1

[Event "2008 Standard Chess Dropout Tournament, Round 2"]
[Site "SchemingMind.com"]
[Date "2008.03.17"]
[Round "2"]
[White "pawngrabber"]
[Black "Silvy"]
[Result "0-1"]
[WhiteCountry "ENG"]
[BlackCountry "ITA"]
[WhiteElo "1916"]
[WhiteRD "92"]
[BlackElo "2285"]
[BlackRD "121"]
[GameID "146425"]

1. d4 d5 2. c4 dxc4 3. e4 e5 4. Nf3 exd4 5. Qxd4 Qxd4 6. Nxd4 Nf6 7. f3 Bb4+ 8. Bd2 Bc5 9. Nb5 Na6 10. Bxc4 c6
11. N5a3 Bd4 12. Bc3 Bxc3+ 13. bxc3 Nc5 14. Nd2 O-O 15. O-O Na4 16. Rac1 Rd8 17. Nb3 b5 18. Be2 Be6 19. Nb1 Rac8 20. Rfd1 a6
21. Rc2 Rxd1+ 22. Bxd1 Rd8 23. Be2 c5 24. Rc1 g5 25. Rd1 Rxd1+ 26. Bxd1 Kg7 27. Nc1 Nb2 28. Bb3 Nd7 29. Kf2 Ne5 30. Ke2 Bd7
31. Bd5 f5 32. Nd2 Na4 33. Nb1 Kf6 34. Bb7 c4 35. Ke3 f4+ 36. Ke2 a5 37. Kf2 b4 38. h3 bxc3 39. Ke2 c2 40. Na3 Nc3+
0-1

[Event "2008 Standard Chess Dropout Tournament, Round 2"]
[Site "SchemingMind.com"]
[Date "2008.03.22"]
[Round "2"]
[White "Dan Geana"]
[Black "C. H. O'D. Schlechter"]
[Result "1/2-1/2"]
[WhiteCountry "ROU"]
[BlackCountry "USA"]
[WhiteElo "2283"]
[WhiteRD "98"]
[BlackElo "2386"]
[BlackRD "71"]
[GameID "146426"]

1. e4 d6 2. d4 Nf6 3. Nc3 g6 4. f4 Bg7 5. Nf3 c5 6. Bb5+ Bd7 7. e5 Ng4 8. e6 fxe6 9. Ng5 Bxb5 10. Nxe6 Bxd4
11. Nxd8 Bf2+=
1/2-1/2

[Event "2008 Standard Chess Dropout Tournament, Round 2"]
[Site "SchemingMind.com"]
[Date "2008.03.22"]
[Round "2"]
[White "pjl1015"]
[Black "Quirine"]
[Result "1-0"]
[WhiteCountry "USA"]
[BlackCountry "NED"]
[WhiteElo "2405"]
[WhiteRD "109"]
[BlackElo "1899"]
[BlackRD "86"]
[GameID "146427"]

1. d4 Nf6 2. c4 g6 3. Nc3 Bg7 4. e4 d6 5. Nf3 O-O 6. Be2 e5 7. d5 a5 8. Be3 Ng4 9. Bd2 f5 10. Bg5 Bf6
11. Bd2 Bg7 12. Ng5 Nf6 13. exf5 gxf5 14. Qc2 Qe7 15. O-O Bh6 16. Bf3 Ng4 17. Ne6 Bxd2 18. Qxd2 Bxe6 19. dxe6 c6 20. Rad1 Nf6
21. Qxd6 Qxd6 22. Rxd6 Re8 23. Re1 e4 24. Bd1 Na6 25. g4 fxg4 26. Nxe4 Nxe4 27. Rxe4 h5 28. Re5 Re7 29. Rxh5 Rg7 30. Rxa5 Kf8
31. Kg2 Re8 32. Kg3 Nc7 33. Rf5+ Kg8 34. Re5
1-0

[Event "2008 Standard Chess Dropout Tournament, Round 2"]
[Site "SchemingMind.com"]
[Date "2008.03.18"]
[Round "2"]
[White "mmccaffe"]
[Black "demiurg"]
[Result "0-1"]
[WhiteCountry "USA"]
[BlackCountry "HUN"]
[WhiteElo "1614"]
[WhiteRD "52"]
[BlackElo "2246"]
[BlackRD "72"]
[GameID "146428"]

1. e4 c5 2. Nf3 Nc6 3. Bb5 g6 4. O-O Bg7 5. Bxc6 dxc6 6. Nc3 Nf6 7. d3 Bg4 8. h3 Bxf3 9. Qxf3 Nd7 10. Bg5 h6
11. Be3 O-O 12. Qe2 Qa5 13. f4 Bxc3 14. bxc3 Qxc3 15. f5 g5 16. h4 f6 17. hxg5 hxg5 18. Rab1 b6 19. Rb3 Qe5 20. Rf3 Kg7
21. Rh3 Rh8 22. Rh5 Qa1+ 23. Kf2 Rxh5 24. Qxh5 Ne5 25. Qe2 Rh8 26. d4 cxd4
0-1

[Event "2008 Standard Chess Dropout Tournament, Round 2"]
[Site "SchemingMind.com"]
[Date "2008.03.22"]
[Round "2"]
[White "Raimondi"]
[Black "Mekk"]
[Result "0-1"]
[WhiteCountry "PER"]
[BlackCountry "POL"]
[WhiteElo "1646"]
[WhiteRD "70"]
[BlackElo "1984"]
[BlackRD "71"]
[GameID "146430"]

1. e4 e6 2. d4 d5 3. Nc3 Nf6 4. e5 Nfd7 5. f4 a6 6. Nf3 c5 7. Be3 Nc6 8. Be2 b5 9. O-O cxd4 10. Nxd4 Nxd4
11. Bxd4 Bc5 12. Bg4 Qb6 13. Ne2 b4 14. Kh1 Bxd4 15. Nxd4 a5 16. Qd2 h5 17. Bh3 Nc5 18. g4 Ne4 19. Qe3 hxg4 20. Bxg4 Ng3+
21. Qxg3 Qxd4 22. c3 bxc3 23. bxc3 Qe4+ 24. Bf3 Qh7 25. Rac1 Ba6 26. Rfd1 Rb8 27. Rd2 Rb1 28. Qg1 Rxc1 29. Qxc1 Qh3 30. Rf2 Qh4
31. Qd2 Bc4 32. Bd1 O-O 33. Bb3 Rc8 34. Bd1 Rb8 35. Rg2 d4 36. Rg4 Qh3 37. Rg3 Qf1+
0-1

[Event "2008 Standard Chess Dropout Tournament, Round 2"]
[Site "SchemingMind.com"]
[Date "2008.03.17"]
[Round "2"]
[White "Rimfaxe"]
[Black "nimzoking"]
[Result "0-1"]
[WhiteCountry "DEN"]
[BlackCountry "ENG"]
[WhiteElo "1767"]
[WhiteRD "102"]
[BlackElo "2142"]
[BlackRD "87"]
[GameID "146431"]

1. e4 d5 2. exd5 Qxd5 3. Nc3 Qd6 4. d4 Nf6 5. Nf3 a6 6. g3 b5 7. Bg2 Bb7 8. O-O Nbd7 9. Bf4 Qb6 10. a4 b4
11. a5 Qa7 12. Na4 Rd8 13. Qe2 e6 14. Rfe1 Bd6 15. Bxd6 cxd6 16. Ng5 O-O 17. c3 Bxg2 18. Kxg2 Rb8 19. Ne4 Nxe4 20. Qxe4 bxc3
21. bxc3 Qc7 22. d5 Nf6 23. Qd4 Nxd5 24. c4 Rb4 25. Rec1 Qc6 26. cxd5 Qxc1
0-1